000 00548 a2200157 4500
020 _a0-07-053563-9
082 _a624.1821 ROK
_bL-18-P-65
090 _c2887
_d2887
100 _aROKACH, ABRAHAM.J
_943068
245 _aSCHAUM'S OUTLINE SERIES THEORY AND PROBLEMS OF STRUCTURAL STEEL DESIGN
_bLOAD AND RESISTANCE FACTOR METHOD
260 _aNEW YARK
_bMCGRAW HILL BOOK COMPANY
_c1991
300 _aVII, 187P.
_c26CM
500 _aSTRUCTURAL STEEL DESIGN
526 _a0
_b0
_c0
_d624_182100000000000_ROK_L18P65
942 _2ddc
_aMCE
_cBOOK
_k624.1821 ROK
999 _c546868
_d546868